|
|
|
|
| LEADER |
00000naa2a2200000 4500 |
| 001 |
191016 |
| 005 |
20231031180445.0 |
| 035 |
|
|
|a (RuTPU)RU\TPU\book\208255
|
| 090 |
|
|
|a 191016
|
| 100 |
|
|
|a 20110131d2010 k y0rusy50 ca
|
| 101 |
0 |
|
|a rus
|
| 102 |
|
|
|a RU
|
| 200 |
1 |
|
|a Использование метамодели предметной области для интеграции производственных данных нефтегазового предприятия
|f В. В. Вейбер, А. В. Кудинов
|g науч. рук. Н. Г. Марков
|
| 320 |
|
|
|a Библиогр.: 3 назв.
|
| 463 |
|
0 |
|0 (RuTPU)RU\TPU\book\199160
|y 978-5-98298-640-5
|t Технологии Microsoft в теории и практике программирования
|o сборник трудов VII Всероссийской научно-практической конференции студентов, аспирантов и молодых ученых, 23-24 марта 2010 г. г. Томск
|f Национальный исследовательский Томский политехнический университет (ТПУ); под ред. О. М. Гергета
|v С. 67-70
|d 2010
|p 240 с.
|
| 610 |
1 |
|
|a метамодели
|
| 610 |
1 |
|
|a предметная область
|
| 610 |
1 |
|
|a производство
|
| 610 |
1 |
|
|a данные
|
| 610 |
1 |
|
|a нефтегазовые предприятия
|
| 610 |
1 |
|
|a информационные системы
|
| 610 |
1 |
|
|a труды учёных ТПУ
|
| 700 |
|
1 |
|a Вейбер
|b В. В.
|
| 701 |
|
1 |
|a Кудинов
|b А. В.
|
| 702 |
|
1 |
|a Марков
|b Н. Г.
|4 727
|
| 801 |
|
1 |
|a RU
|b 63413507
|c 20110131
|
| 942 |
|
|
|c BK
|